01760nam a2200397 a 450000100060000000300080000600500170001400800410003102000310007202000300010302000270013303500190016004000320017904100080021108200240021924501330024326300090037626400560038530000130044133600260045433700280048033800270050850400510053565000310058665000350061765000440065265000620069665000490075865000480080770000360085594200120089199900170090395201500092095201460107095201460121682097BD-RjUL20231012112210.0210104s2021 enk b 001 0 eng  a9780367764029q(paperback) a9780367764036q(hardback) z9781003166801q(ebook) a(BD-RjUL)82097 aDLCbengerdacDLCdBD-RjUL aeng00223a327.2bFUT 202104aThe future of diplomacy after COVID-19 :bmultilateralism and the global pandemic /cedited by Hana Alhashimi [and five others]. a2106 1aAbingdon, Oxon ;aNew York, NY :bRoutledge,c2021. apages cm atextbtxt2rdacontent aunmediatedbn2rdamedia avolumebnc2rdacarrier aIncludes bibliographical references and index. 0aInternational cooperation. 0aInternational relations.97779 0aInternational economic relations.94044 0aSustainable developmentxInternational cooperation.99496 0aCOVID-19 (Disease)xPolitical aspects.99497 0aCOVID-19 (Disease)xEconomic aspects.926381 aAlhashimi, Hana,eeditor.99498 2ddccBK c82097d82097 00102ddc40718NFICaRUCLbRUCLcReadingd2023-06-05eDhaka: Omni Conceptg2121.79l0o327.2 FUT 2021r2023-10-12 00:00:00tC-1w2023-10-12yBK 00102ddc40708NFICaRUCLbRUCLcGENd2023-06-05eDhaka: Omni Conceptg2121.79l0o327.2 FUT 2021r2023-10-12 00:00:00tC-2w2023-10-12yBK 00102ddc40708NFICaRUCLbRUCLcGENd2023-06-05eDhaka: Omni Conceptg2121.79l0o327.2 FUT 2021r2023-10-12 00:00:00tC-3w2023-10-12yBK